Effective reading. (Record no. 12911)
[ view plain ]
| 000 -LEADER | |
|---|---|
| fixed length control field | 00936nam a22002897a 4500 |
| 003 - CONTROL NUMBER IDENTIFIER | |
| control field | EG-ScBUE |
| 005 - DATE AND TIME OF LATEST TRANSACTION | |
| control field | 20220807113333.0 |
| 008 - FIXED-LENGTH DATA ELEMENTS--GENERAL INFORMATION | |
| fixed length control field | 091115s2009 enka f 000 0 eng d |
| 020 ## - INTERNATIONAL STANDARD BOOK NUMBER | |
| International Standard Book Number | 9780230029156 |
| 040 ## - CATALOGING SOURCE | |
| Original cataloging agency | EG-ScBUE |
| Language of cataloging | eng |
| Description conventions | rda |
| Transcribing agency | EG-ScBUE |
| Modifying agency | EG-ScBUE |
| 082 04 - DEWEY DECIMAL CLASSIFICATION NUMBER | |
| Edition number | 22 |
| Classification number | 428.4 |
| Item number | MCA |
| 100 1# - MAIN ENTRY--PERSONAL NAME | |
| Personal name | McAvoy, Jackie, |
| Relator term | author. |
| 245 10 - TITLE STATEMENT | |
| Title | Effective reading. |
| Number of part/section of a work | 2, |
| Name of part/section of a work | Pre-intermediate / |
| Statement of responsibility, etc | Jackie McAvoy. |
| 246 30 - VARYING FORM OF TITLE | |
| Title proper/short title | Pre-intermediate |
| 264 #1 - PUBLICATION, DISTRIBUTION, ETC. (IMPRINT) | |
| Place of publication, distribution, etc | Oxford : |
| Name of publisher, distributor, etc | Macmillan Education, |
| Date of publication, distribution, etc | 2009. |
| 300 ## - PHYSICAL DESCRIPTION | |
| Extent | 128 pages : |
| Other physical details | illustrations ; |
| Dimensions | 26 cm |
| 336 ## - CONTENT TYPE | |
| Source | rdacontent |
| Content type term | text |
| Content type code | txt |
| 337 ## - MEDIA TYPE | |
| Source | rdamedia |
| Media type term | unmediated |
| Media type code | n |
| 338 ## - CARRIER TYPE | |
| Source | rdacarrier |
| Carrier type term | volume |
| Carrier type code | nc |
| 650 #7 - SUBJECT ADDED ENTRY--TOPICAL TERM | |
| Topical term or geographic name as entry element | Reading. |
| Source of heading or term | BUEsh |
| 9 (RLIN) | 3426 |
| 650 #7 - SUBJECT ADDED ENTRY--TOPICAL TERM | |
| Topical term or geographic name as entry element | Reading comprehension. |
| Source of heading or term | BUEsh |
| 9 (RLIN) | 13995 |
| 650 #7 - SUBJECT ADDED ENTRY--TOPICAL TERM | |
| Topical term or geographic name as entry element | English language |
| General subdivision | Composition and exercises. |
| Source of heading or term | BUEsh |
| 9 (RLIN) | 12876 |
| 651 ## - SUBJECT ADDED ENTRY--GEOGRAPHIC NAME | |
| Source of heading or term | BUEsh |
| 653 ## - INDEX TERM--UNCONTROLLED | |
| Resource For college | Humanities: English |
| Arrived date list | December2017 |
| 655 ## - INDEX TERM--GENRE/FORM | |
| Form subdivision | Reading book |
| 9 (RLIN) | 34232 |
| 942 ## - ADDED ENTRY ELEMENTS (KOHA) | |
| Source of classification or shelving scheme | Dewey Decimal Classification |
| Koha item type | Book - Borrowing |
| Withdrawn status | Lost status | Source of classification or shelving scheme | Damaged status | Not for loan | Collection code | Home library | Current library | Shelving location | Date acquired | Source of acquisition | Cost, normal purchase price | Total Checkouts | Full call number | Barcode | Date last seen | Date checked out | Cost, replacement price | Price effective from | Koha item type | Total Renewals |
|---|---|---|---|---|---|---|---|---|---|---|---|---|---|---|---|---|---|---|---|---|
| Dewey Decimal Classification | Baccah | Central Library | Central Library | Second Floor | 15/11/2009 | 100.00 | 3 | 428.4 MCA | 000019028 | 15/07/2025 | 09/04/2013 | 125.00 | 15/11/2009 | NB - Book (Non borrowing) | ||||||
| Dewey Decimal Classification | Baccah | Central Library | Central Library | Second Floor | 15/11/2009 | 428.4 MCA | 000019027 | 15/07/2025 | 15/11/2009 | Book - Borrowing | ||||||||||
| Dewey Decimal Classification | Baccah | Central Library | Central Library | Second Floor | 15/11/2009 | 2 | 428.4 MCA | 000019026 | 15/07/2025 | 27/09/2018 | 15/11/2009 | Book - Borrowing | 2 | |||||||
| Dewey Decimal Classification | Baccah | Central Library | Central Library | Second Floor | 15/11/2009 | 1 | 428.4 MCA | 000019032 | 15/07/2025 | 24/03/2010 | 15/11/2009 | Book - Borrowing | ||||||||
| Dewey Decimal Classification | Baccah | Central Library | Central Library | Second Floor | 15/11/2009 | 3 | 428.4 MCA | 000019033 | 15/07/2025 | 17/03/2014 | 15/11/2009 | Book - Borrowing | 1 | |||||||
| Dewey Decimal Classification | Baccah | Central Library | Central Library | Second Floor | 15/11/2009 | 2 | 428.4 MCA | 000019034 | 15/07/2025 | 20/01/2014 | 15/11/2009 | Book - Borrowing | 1 | |||||||
| Dewey Decimal Classification | Baccah | Central Library | Central Library | Second Floor | 15/11/2009 | 2 | 428.4 MCA | 000019035 | 15/07/2025 | 31/03/2016 | 15/11/2009 | Book - Borrowing | ||||||||
| Dewey Decimal Classification | Baccah | Central Library | Central Library | Second Floor | 15/11/2009 | 428.4 MCA | 000019036 | 15/07/2025 | 15/11/2009 | Book - Borrowing | ||||||||||
| Lost & Replaced | Dewey Decimal Classification | Baccah | Central Library | Central Library | Second Floor | 15/11/2009 | Exchange | 180.00 | 1 | 428.4 MCA | 000019037 | 25/12/2017 | 05/01/2010 | 225.00 | Book - Borrowing | 1 | ||||
| Dewey Decimal Classification | Baccah | Central Library | Central Library | Second Floor | 15/11/2009 | 5 | 428.4 MCA | 000019038 | 15/07/2025 | 22/12/2015 | 15/11/2009 | Book - Borrowing | ||||||||
| Dewey Decimal Classification | Central Library | Central Library | Second Floor | 26/12/2017 | Exchange | 428.4 MCA | 000047034 | 15/07/2025 | 26/12/2017 | Book - Borrowing |